00370nam a2200145Ia 4500003000400000005001700004008004100021040000900062082002500071100001700096245004400113260004700157300000900204650001100213OSt20210914105458.0190216s9999||||xx |||||||||||||| ||und|| coclc a297.122594812bMOU/V aMoulavi, Ali 0aVishudha Quran Paribasha /cAli Moulavi bYamuna Publications, aThiruvananthapuram: a824p aArabic